书目信息 |
| 题名: |
选择的教育——职业教育的一个新视角
|
|
| 作者: | 邬宪伟 著 | |
| 分册: | ||
| 出版信息: | 上海 上海教育出版社 2017 |
|
| 页数: | 294页 | |
| 开本: | 24cm | |
| 丛书名: | ||
| 单 册: | ||
| 中图分类: | G719.2 | |
| 科图分类: | ||
| 主题词: | 职业教育--研究--中国 | |
| 电子资源: | ||
| ISBN: | 978-7-5444-7641-6 | |
| 000 | 01200nam0 2200253 450 | |
| 001 | 4072 | |
| 005 | 20180528153020.12 | |
| 010 | @a978-7-5444-7641-6@dCNY45.00 | |
| 100 | @a20171018d2017 em y0chiy50 ea | |
| 101 | 0 | @achi |
| 102 | @aCN@b310000 | |
| 105 | @aak az 000yy | |
| 200 | 1 | @a选择的教育——职业教育的一个新视角@9xuan ze de jiao yu—— zhi ye jiao yu de yi ge xin shi jiao@f邬宪伟著 |
| 205 | @a2版 | |
| 210 | @a上海@c上海教育出版社@d2017 | |
| 215 | @a294页@c图@d24cm | |
| 314 | @a邬宪伟,原上海信息技术学校校长,高级讲师,特级校长;现任中国职教学会副会长、中职分会会长,全国中职校长联席会主席,全国化工教育协会副会长。1982年毕业于华东理工大学,长期从事教学与学校管理工作。 | |
| 320 | @a有书目(第253页) | |
| 330 | @a作者从选择的视角来研究职业教育,立意较高,思考有相当深度,同时配合若干职校实践性材料,在一定程度上反映了上海职业教育的前沿。本书第1版于2009年出版,得到了广大中职学校的关注,其“选择的教育”的教育理念也恰与国家的职业教育发展规划相一致。因此,在结合最新的教学成果基础上,本书编写组对这一教育理念进行了再次提炼和升华。 | |
| 606 | 0 | @a职业教育@x研究@y中国 |
| 690 | @aG719.2@v5 | |
| 701 | 0 | @a邬宪伟@9wu xian wei@4著 |
| 801 | 0 | @aCN@b91MARC@c20171018 |
| 905 | @aMuseLib@dG719.2@e46=2 | |
| 选择的教育——职业教育的一个新视角/邬宪伟著.-2版.-上海:上海教育出版社,2017 |
| 294页:图;24cm |
| ISBN 978-7-5444-7641-6:CNY45.00 |
| 作者从选择的视角来研究职业教育,立意较高,思考有相当深度,同时配合若干职校实践性材料,在一定程度上反映了上海职业教育的前沿。本书第1版于2009年出版,得到了广大中职学校的关注,其“选择的教育”的教育理念也恰与国家的职业教育发展规划相一致。因此,在结合最新的教学成果基础上,本书编写组对这一教育理念进行了再次提炼和升华。 |
| ● |
| 相关链接 |
|
|
|
|
正题名:选择的教育——职业教育的一个新视角
索取号:G719.2/46=2
 
预约/预借
| 序号 | 登录号 | 条形码 | 馆藏地/架位号 | 状态 | 备注 |
| 1 | 1111790 | 211117904 | 第一样本阅览室/ [索取号:G719.2/46=2] | 在馆 | |
| 2 | 1111791 | 211117913 | 教育系资料室/ [索取号:G719.2/46=2] | 在馆 | |
| 3 | 1111792 | 211117922 | 教育系资料室/ [索取号:G719.2/46=2] | 在馆 | |
| 4 | 1111793 | 211117931 | 第四借阅区/ [索取号:G719.2/46=2] | 在馆 |